Identify the Product Decoy Quiz Stats

 Plays Quiz Updated Apr 10, 2019

Score 0/15 Timer 05:00
1 Play Today
Question Answer Wrong Answers
McDonald's Frosty
89.7%
Happy Meal
1.4%
Filet-O-Fish
3.2%
McChicken
2.2%
Wendy's Big Mac
87.4%
Dave's Hot 'N Juicy
4.2%
Baconator
2.6%
Jr. Cheeseburger Deluxe
2.1%
Dairy Queen McFlurry
82.5%
Dilly Bar
5.6%
Blizzard
2.8%
Peanut Buster Parfait
5.6%
Hostess Star Crunch
73.2%
Twinkies
7.5%
Ding Dongs
8%
Ho Hos
7.5%
Burger King Quarter Pounder with Cheese
71.5%
Whopper
3.1%
Chicken Tendercrisp
13.4%
Chicken Fries
8.5%
Mars Kit Kat
61.2%
Milky Way
5%
3 Musketeers
16.4%
Snickers
13.8%
Frito-Lay Pringles
61.1%
Ruffles
12.8%
Tostitos
13.3%
Cheetos
8.9%
Hershey's Twix
60.3%
Almond Joy
26.6%
Special Dark
6%
Kisses Milk Chocolates
3.6%
Pizza Hut Deep!Deep! Dish Pepperoni
59.6%
Meat Lover's Pizza
6.9%
Stuffed Crust Pizza
4.4%
P'Zone
25.6%
Kellogg's Fruity Pebbles
58.6%
Apple Jacks
24.1%
Special K
7.8%
Corn Flakes
5.9%
Coca-Cola Mug Root Beer
54%
Sprite
6.2%
Minute Maid
15.9%
Powerade
20.5%
General Mills Frosted Flakes
51.2%
Lucky Charms
12.9%
Cheerios
18.9%
Cinnamon Toast Crunch
13.1%
Little Debbie Donettes
49.3%
Nutty Bars
18.1%
Oatmeal Cream Pies
10.2%
Fudge Rounds
18.6%
Campbell's Chef Boyardee
45.1%
Chunky Soup
4.6%
SpaghettiOs
17.7%
Ready Meals
29%
Pepsi Fanta
42.6%
Sierra Mist (Mist Twist)
12.7%
Tropicana
31.4%
Mountain Dew
9.8%

You're not logged in!

Compare scores with friends on all Sporcle quizzes.
OR
Log In

Sporcle TV

Today on Sporcle TV


Watch our educational content, quiz creation guides, and fun videos on Sporcle TV.

Show Comments

Extras

Top Quizzes Today


Score Distribution

Your Account Isn't Verified!

In order to create a playlist on Sporcle, you need to verify the email address you used during registration. Go to your Sporcle Settings to finish the process.

Report this User

Report this user for behavior that violates our Community Guidelines.

Details: